000 00386pab a2200145 454500
008 180718b2005 xxu||||| |||| 00| 0 eng d
100 _aSmith, Steven J.
245 _aIncome and pollutant emissions in the OBJECTS MiniCam model
260 _c2005
300 _ap.175-96.
362 _aMar
650 _aPollution
773 _aJournal of Environment and Development
909 _a64388
999 _c64388
_d64388